00350nam a2200109Ia 4500008004100000082000800041100001700049245005800066942000600124952009500130999001500225240331s9999 xx 000 0 und d bKUL aKularathne,N 0aThepal karanawata wada hasun path streen liyanne ayi? cL 001040708LaWERCLbWERCLcSSCd2024-03-31l0o 305 KULp6307r2024-03-31w2024-03-31yL c5027d5027